000 00860nam a22002657a 4500
001 7397
003 FISKH
005 20250711153442.0
008 250711b cb ||||| |||| 00| 0 eng d
020 _a9780688075361
040 _aFISKH
_beng
_cFISKH
_dFISKH636 LCC SF75 .T34
050 _aSF75 .T34
082 _a636
100 _aTafuri, Nancy
245 _aSpots, feathers, and curly tails /
_cNancy Tafuri
260 _aNew York :
_bGreen WIllow Book,
_c1988.
300 _a34 unnumbered pages :
_bcolor illustrations ;
_c26 cm
505 _aជ
520 _aQuestions and answers highlight some outstanding characteristics of farm animals, such as a chicken's feathers and a horse's mane.
521 8 _a40
_bLexile estimate
521 8 _aC
_bRaz-Plus
650 _aAnimals
_vFarm Animals
_xPigs
942 _2ddc
_cBK
_n0
999 _c7397
_d7397